[Event "Somewhere over the rainbow"]
[Site "SchemingMind.com"]
[Date "2022.11.02"]
[Round "-"]
[White "CapaChess"]
[Black "Clive Everill"]
[Result "1-0"]
[WhiteCountry "CUB"]
[BlackCountry "CZE"]
[WhiteElo "1945"]
[WhiteRD "195"]
[BlackElo "1715"]
[BlackRD "59"]
[GameID "728054"]

1. e4 c5 2. Nf3 d6 3. d4 cxd4 4. Nxd4 Nf6 5. Nc3 a6 6. f3 e6 7. Be3 b5 8. Qd2 Bb7 9. g4 Qa5 10. g5 Nfd7
11. a3 d5 12. exd5 exd5 13. Nb3 Qc7 14. O-O-O Bd6 15. Nxd5 Bxd5 16. Qxd5 Nc6 17. Qxd6 Qxd6 18. Rxd6 Nce5 19. f4 Ng4 20. Bg2 Rd8
21. Bb6 Ke7 22. Rd2 Nxb6 23. Re1+
1-0

[Event "Somewhere over the rainbow"]
[Site "SchemingMind.com"]
[Date "2022.11.02"]
[Round "-"]
[White "Clive Everill"]
[Black "CapaChess"]
[Result "0-1"]
[WhiteCountry "CZE"]
[BlackCountry "CUB"]
[WhiteElo "1715"]
[WhiteRD "59"]
[BlackElo "1945"]
[BlackRD "195"]
[GameID "728055"]

1. e4 c6 2. d4 d5 3. f3 e6 4. Nc3 Bb4 5. e5 c5 6. a3 Ba5 7. b4 cxb4 8. axb4 Bxb4 9. Bd2 Qh4+ 10. g3 Qxd4
11. Nge2 Qxe5 12. Bg2 Ne7 13. O-O O-O 14. Bf4 Qf6 15. Nb5 Nbc6 16. Nc7 Rb8 17. Nxe6 Bxe6 18. Bxb8 Rxb8 19. f4 Nf5 20. Qd3 Bc5+
21. Kh1 Ne3 22. Rfc1 Ng4 23. Rf1 Nxh2 24. Bxd5 Qh6 25. Bxe6 Nxf1+ 26. Kg2 Qh2+ 27. Kxf1 Qf2#
0-1

[Event "Somewhere over the rainbow"]
[Site "SchemingMind.com"]
[Date "2022.11.09"]
[Round "-"]
[White "Goz"]
[Black "Wojtek26"]
[Result "1/2-1/2"]
[WhiteCountry "ENG"]
[BlackCountry "POL"]
[WhiteElo "1396"]
[WhiteRD "79"]
[BlackElo "1472"]
[BlackRD "71"]
[GameID "728238"]

1. d4 d5 2. e3 e6 3. a3 Nf6 4. Bd3 Be7 5. Nf3 O-O 6. O-O c5 7. c3 Nbd7 8. b3 a6 9. c4 dxc4 10. bxc4 cxd4
11. exd4 Nb8 12. Bb2 Nbd7 13. c5 Nd5 14. Nbd2 N7f6 15. Ne5 Nd7 16. Ndf3 Nxe5 17. Nxe5 Bd7 18. Qd2 h6 19. Bc1 Bg5 20. Qc2 Bxc1
21. Raxc1 Qe8 22. f4 Nf6 23. h3 Nd5 24. Rf3 Bb5 25. g4 Bxd3 26. Qxd3 Nf6 27. Nc4 Qb5 28. g5 hxg5 29. fxg5 Nd5 30. Qe4 b6
31. Nd6 Qd7 32. Qe5 f6 33. gxf6 Nxf6 34. Rg3 bxc5 35. dxc5 Rab8 36. Rc2 Rb1+ 37. Kh2 Ne8 38. Rcg2 Rb7 39. h4 Qe7 40. Nxe8 Rxe8
41. h5 Qh4+ 42. Kg1 Qe7 43. Rg5 Qc7 44. h6 Qxe5 45. Rxe5 Ree7 46. Rg6 Kh7 47. Rgxe6 Rxe6 48. Rxe6 g6 49. Rxa6 Kxh6 50. c6 Rc7
51. a4 Kg5 52. a5 Kf5 53. Rb6 Ke5 54. a6 Kd5 55. a7 Rxa7 56. Rb7 Ra1+ 57. Kg2 Kxc6 58. Rg7 Ra2+=
1/2-1/2

[Event "Somewhere over the rainbow"]
[Site "SchemingMind.com"]
[Date "2022.11.11"]
[Round "-"]
[White "Randy Bahr"]
[Black "maro"]
[Result "1-0"]
[WhiteCountry "USA"]
[BlackCountry "MEX"]
[WhiteElo "1875"]
[WhiteRD "76"]
[BlackElo "1465"]
[BlackRD "72"]
[GameID "728264"]

1. d4 d5 2. c4 dxc4 3. e4 e6 4. Bxc4 Nf6 5. Nc3 Bb4 6. Bg5 O-O 7. e5 h6 8. Bxh6 Ne4 9. Qg4 Bxc3+ 10. bxc3 g6
11. Bxf8 Qxf8 12. Qxe4 Nc6 13. Nf3 Qh6 14. h4 Bd7 15. Ng5 Na5 16. d5 Nxc4 17. Qxc4 a6 18. Qxc7 Bb5 19. Qxf7+ Kh8 20. Qxe6 Qf8
21. Qxg6
1-0

[Event "Somewhere over the rainbow"]
[Site "SchemingMind.com"]
[Date "2022.11.11"]
[Round "-"]
[White "maro"]
[Black "Randy Bahr"]
[Result "0-1"]
[WhiteCountry "MEX"]
[BlackCountry "USA"]
[WhiteElo "1465"]
[WhiteRD "72"]
[BlackElo "1875"]
[BlackRD "76"]
[GameID "728265"]

1. e4 c6 2. d4 d5 3. e5 c5 4. dxc5 Nc6 5. Bb5 e6 6. Nf3 Bxc5 7. Bg5 Bxf2+ 8. Kxf2 Qb6+ 9. Nd4 Bd7 10. Be3 Qc7
11. Nc3 Qxe5 12. Rf1 Qxh2 13. Nxc6 bxc6 14. Ba4 Nf6 15. Bc5 e5 16. Bd6 Ng4+ 17. Ke2 Qxg2+ 18. Kd3 Nf2+ 19. Rxf2 Qxf2 20. Bxe5 Bf5+
21. Ne4 Bxe4+ 22. Kc3 Qe3+ 23. Kb4 a5#
0-1

[Event "Somewhere over the rainbow"]
[Site "SchemingMind.com"]
[Date "2022.11.12"]
[Round "-"]
[White "Laci"]
[Black "Mitch The Man"]
[Result "1-0"]
[WhiteCountry "HUN"]
[BlackCountry "USA"]
[WhiteElo "1775"]
[WhiteRD "165"]
[BlackElo "1312"]
[BlackRD "70"]
[GameID "728297"]

1. d4 e6 2. e4 Be7 3. c4 Bg5 4. f4 Bh6 5. Nf3 Ne7 6. Nc3 O-O 7. g4 g6 8. h4 Bg7 9. h5 gxh5 10. Rxh5 d6
11. Bd3 Kh8 12. Qe2 Ng6 13. Qh2 h6 14. f5 exf5 15. Bxh6 f6 16. exf5 Nf4 17. Bxg7+ Kxg7 18. Rh7+ Kg8 19. Qh6 Qe8+ 20. Kd2
1-0

[Event "Somewhere over the rainbow"]
[Site "SchemingMind.com"]
[Date "2022.11.12"]
[Round "-"]
[White "Mitch The Man"]
[Black "Laci"]
[Result "0-1"]
[WhiteCountry "USA"]
[BlackCountry "HUN"]
[WhiteElo "1312"]
[WhiteRD "70"]
[BlackElo "1775"]
[BlackRD "165"]
[GameID "728298"]

1. d4 d5 2. e3 Nf6 3. Be2 e6 4. Bf3 c5 5. Ne2 Nc6 6. O-O Bd6 7. c3 O-O 8. Nd2 e5 9. dxc5 Bxc5 10. g3 Bf5
11. Nb3 Bb6 12. g4 Nxg4 13. Bxg4 Bxg4 14. f3 Bh5 15. Ng3 Qg5 16. Qe2 e4 17. Nd4 Ne5 18. Qg2 Bxf3 19. Qd2 h5
0-1

[Event "Somewhere over the rainbow"]
[Site "SchemingMind.com"]
[Date "2022.11.20"]
[Round "-"]
[White "Chessibelle"]
[Black "witkatz"]
[Result "0-1"]
[WhiteCountry "ENG"]
[BlackCountry "GER"]
[WhiteElo "1060"]
[WhiteRD "56"]
[BlackElo "1790"]
[BlackRD "72"]
[GameID "728489"]

1. Nf3 d5 2. d4 Nf6 3. h3 Nc6 4. e3 b6 5. Nc3 Bb7 6. Be2 e6 7. Bd2 Bd6 8. b3 O-O 9. O-O Re8 10. Nh2 e5
11. Bf3 e4 12. Be2 Ne7 13. f3 exf3 14. Bxf3 c6 15. Ne2 Qc7 16. Kh1 Bxh2 17. Nf4 Bxf4 18. exf4 Ng6 19. g3 Ne4 20. Bb4 Nxg3+
21. Kg2 Nxf4+ 22. Kxg3 Ne2+ 23. Kf2 Qg3#
0-1

[Event "Somewhere over the rainbow"]
[Site "SchemingMind.com"]
[Date "2022.11.20"]
[Round "-"]
[White "witkatz"]
[Black "Chessibelle"]
[Result "1-0"]
[WhiteCountry "GER"]
[BlackCountry "ENG"]
[WhiteElo "1807"]
[WhiteRD "71"]
[BlackElo "1087"]
[BlackRD "61"]
[GameID "728490"]

1. e4 e5 2. Nc3 a6 3. Nf3 Nc6 4. d4 Nf6 5. dxe5 Ng8 6. Bc4 h6 7. O-O f6 8. exf6 Nxf6 9. e5 Ng8 10. Re1 Be7
11. e6 d6 12. Qd3 Nf6 13. Qg6+
1-0

[Event "Somewhere over the rainbow"]
[Site "SchemingMind.com"]
[Date "2022.12.01"]
[Round "-"]
[White "spoke"]
[Black "pnwmusichound"]
[Result "1-0"]
[WhiteCountry "GER"]
[BlackCountry "USA"]
[WhiteElo "1786"]
[WhiteRD "70"]
[BlackElo "1799"]
[BlackRD "91"]
[GameID "728689"]

1. e4 e5 2. Nf3 Nf6 3. Nc3 Be7 4. d4 exd4 5. Nxd4 d6 6. Bc4 O-O 7. O-O c6 8. Re1 Re8 9. Bg5 h6 10. Bh4 Nbd7
11. f4 b5 12. Bb3 a5 13. a3 a4 14. Ba2 Bb7 15. Nf5 Nxe4 16. Nxe7+ Rxe7 17. Rxe4 Nf6 18. Bxf6 gxf6 19. Rxe7 Qxe7 20. Qe1 Qd7
21. Qg3+ Kh7 22. Ne4 Qe7 23. Re1 Qf8 24. Nxf6+ Kh8 25. Qd3 Qg7 26. Re8+ Rxe8 27. Nxe8 Qxb2 28. Nxd6 Qc1+ 29. Qf1 Qxa3 30. Nxf7+ Kg7
31. Qa1+ Kg6 32. Ne5+ Kf5 33. Be6+
1-0

[Event "Somewhere over the rainbow"]
[Site "SchemingMind.com"]
[Date "2022.11.30"]
[Round "-"]
[White "pnwmusichound"]
[Black "spoke"]
[Result "1-0"]
[WhiteCountry "USA"]
[BlackCountry "GER"]
[WhiteElo "1799"]
[WhiteRD "91"]
[BlackElo "1786"]
[BlackRD "70"]
[GameID "728690"]

1. e4 e5 2. Nf3 Nc6 3. Bc4 Nf6 4. d3 Bc5 5. O-O d6 6. c3 O-O 7. Bb3 a6 8. Nbd2 b5 9. h3 Bb7 10. Re1 Bb6
11. Nf1 Ne7 12. Ng3 Ng6 13. Nh2 h6 14. Ng4 Nxg4 15. Qxg4 Qh4 16. Qxg6 d5 17. Qxg7+ Kxg7 18. Nf5+ Kf6 19. Nxh4 d4 20. Bxh6 Rh8
21. Nf5 Rag8 22. g4
1-0

[Event "Somewhere over the rainbow"]
[Site "SchemingMind.com"]
[Date "2022.11.30"]
[Round "-"]
[White "kenneth m day"]
[Black "Robert Hatfield"]
[Result "0-1"]
[WhiteCountry "USA"]
[BlackCountry "USA"]
[WhiteElo "1620"]
[WhiteRD "62"]
[BlackElo "1850"]
[BlackRD "67"]
[GameID "728772"]

1. e4 e6 2. d4 d5 3. Nc3 Bb4 4. Bd2 dxe4 5. a3 Bxc3 6. Bxc3 Nf6 7. Be2 O-O 8. f3 e3 9. Qd3 Nd5 10. O-O-O b6
11. f4 Ba6 12. Nh3 Bxd3 13. Bxd3 Nxc3 14. bxc3 Nd7 15. Rhe1 Nf6 16. Rxe3 Nd5 17. Rg3 Qd6 18. Rf1 Qxa3+ 19. Kd2 Qxc3+
0-1

[Event "Somewhere over the rainbow"]
[Site "SchemingMind.com"]
[Date "2022.11.30"]
[Round "-"]
[White "Robert Hatfield"]
[Black "kenneth m day"]
[Result "1-0"]
[WhiteCountry "USA"]
[BlackCountry "USA"]
[WhiteElo "1786"]
[WhiteRD "65"]
[BlackElo "1628"]
[BlackRD "56"]
[GameID "728773"]

1. c4 Nf6 2. Nc3 g6 3. e4 d6 4. d4 Nbd7 5. f3 Bg7 6. Nh3 O-O 7. Nf2 c6 8. Be3 e5 9. d5 cxd5 10. exd5 Re8
11. Rc1 a6 12. Qd2 Rb8 13. Bd3 Nc5 14. Bxc5 dxc5 15. O-O Qd6 16. Nfe4 Nxe4 17. Nxe4 Qd7 18. Nxc5 Qd6 19. Ne4 Qd7 20. Bb1 Qe7
21. c5 Qh4 22. Qg5 Qxg5 23. Nxg5 Bd7 24. Ne4 Rbc8 25. Nd6 Bf8 26. Nxc8 Rxc8 27. d6 f5 28. a3 Bb5 29. Rfd1 Bd7 30. Ba2+ Kg7
31. Bd5 Bc6 32. Bxc6 bxc6 33. b4 Rd8 34. Kf2 Rd7 35. Ke2 Kf7 36. Kd3 Ke6 37. Kc4 Kf6 38. a4 Ke6 39. Ra1 Bg7 40. Rab1 Bf8
41. b5 axb5+ 42. axb5 cxb5+ 43. Rxb5
1-0

[Event "Somewhere over the rainbow"]
[Site "SchemingMind.com"]
[Date "2022.12.04"]
[Round "-"]
[White "CapaChess"]
[Black "witkatz"]
[Result "1-0"]
[WhiteCountry "CUB"]
[BlackCountry "GER"]
[WhiteElo "2232"]
[WhiteRD "102"]
[BlackElo "1758"]
[BlackRD "74"]
[GameID "728971"]

1. e4 c6 2. d4 d5 3. e5 c5 4. Nf3 Bg4 5. Bb5+ Nc6 6. Bxc6+ bxc6 7. dxc5 Qa5+ 8. Nbd2 Qxc5 9. O-O Bf5 10. Nb3 Qxc2
11. Qe1 e6 12. Nfd4 Qc4 13. Nxf5 exf5 14. Bd2 Be7 15. Rc1 Qe4 16. Qd1 Qg4 17. Qc2 Rc8 18. h3 Qe4 19. Qc3 Bd8 20. Nc5 Qc4
21. Qg3
1-0

[Event "Somewhere over the rainbow"]
[Site "SchemingMind.com"]
[Date "2022.12.04"]
[Round "-"]
[White "witkatz"]
[Black "CapaChess"]
[Result "0-1"]
[WhiteCountry "GER"]
[BlackCountry "CUB"]
[WhiteElo "1758"]
[WhiteRD "74"]
[BlackElo "2232"]
[BlackRD "102"]
[GameID "728972"]

1. e4 e5 2. Nc3 Nf6 3. g3 Bc5 4. Bg2 O-O 5. Nge2 c6 6. O-O d5 7. exd5 cxd5 8. d3 d4 9. Ne4 Nxe4 10. Bxe4 Nc6
11. c4 Bh3 12. Bg2 Bxg2 13. Kxg2 Qd7 14. f4 a5 15. fxe5 Nxe5 16. b3 Qc6+ 17. Kf2 f5 18. Nf4 g5 19. Nd5 Qg6 20. Kg2 f4
21. gxf4 gxf4+ 22. Kh1 f3 23. Rg1 Ng4 24. Qf1 f2 25. Rg2 Rae8 26. Bd2 Bd6 27. h3 Nh2 28. Rxg6+ hxg6
0-1

[Event "Somewhere over the rainbow"]
[Site "SchemingMind.com"]
[Date "2022.12.09"]
[Round "-"]
[White "Randy Bahr"]
[Black "ray winteringham"]
[Result "1-0"]
[WhiteCountry "USA"]
[BlackCountry "ENG"]
[WhiteElo "1893"]
[WhiteRD "75"]
[BlackElo "1406"]
[BlackRD "50"]
[GameID "729120"]

1. d4 d5 2. c4 e6 3. Nc3 Bb4 4. Nf3 Bxc3+ 5. bxc3 h6 6. e3 Nf6 7. Ba3 b6 8. Be2 Bb7 9. Ne5 Nc6 10. Qa4 Qd6
11. c5 Qe7 12. Bb5 O-O 13. Bxc6 Rab8 14. Bxb7 Rxb7 15. c6 Qe8 16. Nd7 Nxd7 17. cxb7 Nb8 18. Qxe8 Rxe8 19. Ke2 Nc6 20. Rab1 Rb8
21. Rhc1 Rxb7 22. c4 Ne7 23. Bxe7
1-0

[Event "Somewhere over the rainbow"]
[Site "SchemingMind.com"]
[Date "2022.12.09"]
[Round "-"]
[White "ray winteringham"]
[Black "Randy Bahr"]
[Result "0-1"]
[WhiteCountry "ENG"]
[BlackCountry "USA"]
[WhiteElo "1406"]
[WhiteRD "50"]
[BlackElo "1893"]
[BlackRD "75"]
[GameID "729121"]

1. e4 c6 2. Nf3 d5 3. exd5 cxd5 4. d4 Nc6 5. Bb5 Bg4 6. h3 Bxf3 7. Qxf3 a6 8. Ba4 b5 9. Bb3 Nxd4 10. Qxd5 Nxc2+
11. Kd2 Nxa1 12. Ke2 Qxd5 13. Bxd5 Ra7 14. Be3 Rc7 15. Be4 e5 16. Nc3 Nf6 17. Bd3 Bc5 18. Rxa1 Bxe3 19. Kxe3 Ke7 20. b4 Rhc8
21. Ne2 Nd5+ 22. Kf3 Nxb4 23. Bf5 Rd8 24. Rb1 Nxa2 25. Ra1 Nb4 26. h4 g6 27. Bh3 f5 28. g3 Ra7 29. Bf1 e4+ 30. Kg2 Nd3
31. Ng1 b4 32. Ne2 a5 33. Nc1 Nxc1 34. Rxc1 b3 35. Bb5 a4 36. Rc3 b2
0-1

[Event "Somewhere over the rainbow"]
[Site "SchemingMind.com"]
[Date "2023.01.18"]
[Round "-"]
[White "Randy Bahr"]
[Black "CapaChess"]
[Result "0-1"]
[WhiteCountry "USA"]
[BlackCountry "CUB"]
[WhiteElo "1876"]
[WhiteRD "76"]
[BlackElo "2232"]
[BlackRD "102"]
[GameID "730344"]

1. d4 Nf6 2. c4 e6 3. Nf3 d5 4. e3 Be7 5. b3 O-O 6. Bb2 c5 7. Bd3 cxd4 8. exd4 b6 9. O-O Bb7 10. Nbd2 Nbd7
11. Rc1 Nh5 12. g3 Nhf6 13. Re1 Bb4 14. a3 dxc4 15. bxc4 Bxf3 16. Nxf3 Bxe1 17. Qxe1 Rc8 18. Kg2 b5 19. c5 Nxc5 20. Bxh7+ Nxh7
21. dxc5 Qd5 22. Qe5 Nf6 23. Qf5 exf5
0-1

[Event "Somewhere over the rainbow"]
[Site "SchemingMind.com"]
[Date "2023.01.18"]
[Round "-"]
[White "CapaChess"]
[Black "Randy Bahr"]
[Result "1-0"]
[WhiteCountry "CUB"]
[BlackCountry "USA"]
[WhiteElo "2431"]
[WhiteRD "72"]
[BlackElo "1868"]
[BlackRD "86"]
[GameID "730345"]

1. e4 c6 2. d4 d5 3. Nd2 dxe4 4. Nxe4 Nf6 5. Nxf6+ exf6 6. c3 Bd6 7. Bd3 O-O 8. Ne2 Re8 9. Qc2 h5 10. O-O h4
11. h3 Nd7 12. Bd2 Nf8 13. Rae1 Qc7 14. c4 Be6 15. c5 Be7 16. Nf4 Rad8 17. Nxe6 fxe6 18. Bc3 f5 19. Bc4 Bf6 20. Qxf5 b5
21. cxb6 axb6 22. Re4 b5 23. Bb3 Rd7 24. Qg4
1-0

[Event "Somewhere over the rainbow"]
[Site "SchemingMind.com"]
[Date "2023.02.04"]
[Round "-"]
[White "Laci"]
[Black "pnwmusichound"]
[Result "0-1"]
[WhiteCountry "HUN"]
[BlackCountry "USA"]
[WhiteElo "2046"]
[WhiteRD "107"]
[BlackElo "1880"]
[BlackRD "90"]
[GameID "730811"]

1. e4 e5 2. f4 exf4 3. Nf3 g5 4. Bc4 g4 5. O-O d5 6. exd5 gxf3 7. Qxf3 Bd6 8. d4 Ne7 9. Bxf4 Bxf4 10. Qxf4 O-O
11. Nd2 Ng6 12. Qh6 c6 13. Ne4 f5 14. Ng5 Rf7
0-1

[Event "Somewhere over the rainbow"]
[Site "SchemingMind.com"]
[Date "2023.02.04"]
[Round "-"]
[White "pnwmusichound"]
[Black "Laci"]
[Result "1-0"]
[WhiteCountry "USA"]
[BlackCountry "HUN"]
[WhiteElo "1880"]
[WhiteRD "90"]
[BlackElo "2046"]
[BlackRD "107"]
[GameID "730812"]

1. d4 d5 2. c4 e5 3. dxe5 d4 4. Nf3 Nc6 5. Nbd2 Nge7 6. Nb3 Nf5 7. g3 a5 8. a4 Be6 9. e4 dxe3 10. Bxe3 Nxe3
11. fxe3 Bb4+ 12. Kf2 Qe7 13. Nbd4
1-0

[Event "Somewhere over the rainbow"]
[Site "SchemingMind.com"]
[Date "2023.02.03"]
[Round "-"]
[White "Robert Hatfield"]
[Black "Wojtek26"]
[Result "1-0"]
[WhiteCountry "USA"]
[BlackCountry "POL"]
[WhiteElo "1786"]
[WhiteRD "65"]
[BlackElo "1474"]
[BlackRD "70"]
[GameID "730983"]

1. c4 e5 2. Nc3 Nf6 3. Nf3 d6 4. d3 Nc6 5. h3 Be7 6. g3 Nd4 7. Bg2 Rb8 8. Bg5 O-O 9. Qd2 Nxf3+ 10. Bxf3 h6
11. h4 Nd7 12. Nd5 c6 13. Nxe7+
1-0

[Event "Somewhere over the rainbow"]
[Site "SchemingMind.com"]
[Date "2023.02.03"]
[Round "-"]
[White "Wojtek26"]
[Black "Robert Hatfield"]
[Result "0-1"]
[WhiteCountry "POL"]
[BlackCountry "USA"]
[WhiteElo "1474"]
[WhiteRD "70"]
[BlackElo "1786"]
[BlackRD "65"]
[GameID "730984"]

1. d4 Nf6 2. Nf3 d5 3. e3 Bg4 4. c4 c6 5. Nbd2 e6 6. Be2 Be7 7. O-O O-O 8. a3 a5 9. Ne5 Bxe2 10. Qxe2 h6
11. Ndf3 Nbd7 12. Bd2 Ne4 13. Bc3 Ndf6 14. b4 Nxc3
0-1

[Event "Somewhere over the rainbow"]
[Site "SchemingMind.com"]
[Date "2023.05.01"]
[Round "-"]
[White "pnwmusichound"]
[Black "Robert Hatfield"]
[Result "0-1"]
[WhiteCountry "USA"]
[BlackCountry "USA"]
[WhiteElo "1854"]
[WhiteRD "91"]
[BlackElo "1782"]
[BlackRD "62"]
[GameID "733583"]

1. e4 e6 2. e5 c5 3. f4 d5 4. Nf3 Nc6 5. d4 Qb6 6. c3 Nh6 7. Be3 Qxb2 8. Nbd2 Qxc3 9. Bf2 Ng4 10. Rc1 Nxf2
11. Rxc3 Nxd1 12. Kxd1 cxd4 13. Rc2 Be7 14. Bb5 Bd7 15. Bxc6 Bxc6 16. Nxd4 Ba4 17. N2b3 Kd7 18. Ke2 Rac8 19. Rhc1 Ba3 20. Nc5+ Rxc5
21. Rxc5 Bxc1 22. Rxc1 Rc8 23. Rb1 b6 24. f5 exf5 25. Nxf5 Bc2 26. Rc1 Bxf5 27. Rxc8 Kxc8 28. Ke3 Be4
0-1

[Event "Somewhere over the rainbow"]
[Site "SchemingMind.com"]
[Date "2023.05.01"]
[Round "-"]
[White "Robert Hatfield"]
[Black "pnwmusichound"]
[Result "0-1"]
[WhiteCountry "USA"]
[BlackCountry "USA"]
[WhiteElo "1782"]
[WhiteRD "62"]
[BlackElo "1854"]
[BlackRD "91"]
[GameID "733584"]

1. c4 Nf6 2. Nc3 g6 3. d4 Bg7 4. e4 d6 5. f3 O-O 6. Be3 c5 7. Nge2 Nc6 8. d5 Ne5 9. Ng3 e6 10. Be2 exd5
11. cxd5 a6 12. a4 h5 13. O-O Bd7 14. Qd2 Nh7 15. a5 h4 16. Nh1 h3 17. g3 f5 18. Nf2 fxe4 19. Nfxe4 Qe7 20. Rae1 Rf7
21. Bf4 Raf8 22. Bxe5 Bxe5 23. Qd1 Ng5 24. f4 Bxf4
0-1

[Event "Somewhere over the rainbow"]
[Site "SchemingMind.com"]
[Date "2023.06.25"]
[Round "-"]
[White "CapaChess"]
[Black "Robert Hatfield"]
[Result "1-0"]
[WhiteCountry "CUB"]
[BlackCountry "USA"]
[WhiteElo "2518"]
[WhiteRD "65"]
[BlackElo "1777"]
[BlackRD "67"]
[GameID "735099"]

1. e4 e6 2. d4 d5 3. Nc3 Bb4 4. e5 c5 5. a3 cxd4 6. axb4 dxc3 7. Qg4 cxb2 8. Bxb2 Kf8 9. Nf3 Ne7 10. Bd3 Nbc6
11. b5 h5 12. Qf4 Na5 13. Ba3
1-0

[Event "Somewhere over the rainbow"]
[Site "SchemingMind.com"]
[Date "2023.06.25"]
[Round "-"]
[White "Robert Hatfield"]
[Black "CapaChess"]
[Result "0-1"]
[WhiteCountry "USA"]
[BlackCountry "CUB"]
[WhiteElo "1778"]
[WhiteRD "63"]
[BlackElo "2504"]
[BlackRD "70"]
[GameID "735100"]

1. c4 e5 2. Nc3 Nf6 3. Nf3 Nc6 4. g3 Bb4 5. Bg2 O-O 6. O-O e4 7. Ng5 Bxc3 8. bxc3 Re8 9. f3 e3 10. d3 d5
11. Qb3 Na5 12. Qa3 b6 13. cxd5 Nxd5 14. f4 Bb7 15. c4 Ne7 16. Nf3 c5 17. Bb2 Nf5 18. Bc3 Nc6 19. Be5 Nxe5 20. fxe5 Qc7
21. Bh3 Bxf3 22. Bxf5 Bxe2 23. Rfe1 Qxe5 24. Be4 Qf6 25. Bxa8 Qf2+ 26. Kh1 Rxa8 27. Rxe2 Qxe2 28. Qc1 Qxd3
0-1